000 00684nam a2200229Ia 4500
008 191130s2004##################000#0#eng##
020 _a9780820471105
022 _a2003025898
040 _aACL
_cACL
082 _a184 HEN
100 _aHendrix, John
245 _aPlatonic architectonics : platonic philosophies & the visual arts
_cJohn Hendrix
260 _aBern
_bPeter Lang
_cc2004
300 _aviii, 283 p. : ill. ; 23cm
500 _aIncludes bibliographical references (p. [279]-283)
650 _aAesthetics - History
650 _aPlato - Aesthetics
650 _aPlatonists
990 _a3a6ae25dac10000c0c7f6e866c81d1c8
991 _a289461
999 _c37918
_d37918